[Event "Penang op 15th"]
[Site "Penang"]
[Date "2023.12.19"]
[Round "3"]
[White "Rajasa, Muhammad Andi"]
[Black "Soo, Kai Jie"]
[Result "0-1"]
[WhiteElo "1849"]
[BlackElo "2074"]
[PlyCount "118"]
[EventDate "2023.12.18"]
[EventType "swiss"]
[EventRounds "9"]
[EventCountry "MAS"]
[SourceTitle "CB52_2023"]
[SourceDate "2023.12.27"]
[SourceVersion "1"]
[SourceVersionDate "2023.12.27"]
[SourceQuality "1"]

1. d4 Nf6 2. Nf3 e6 3. c3 b6 4. Bf4 Bb7 5. e3 h6 6. Bd3 d6 7. h3 Nbd7 8. Nbd2 Qe7 9. e4 e5 10. dxe5 dxe5 11. Be3 0-0-0 12. Qe2 Kb8 13. b4 Nh5 14. 0-0 Nf4 15. Bxf4 exf4 16. a4 Ne5 17. Ba6 Nxf3+ 18. Nxf3 Qxe4 19. Qxe4 Bxe4 20. Ne5 Bd5 21. Rad1 Rd6 22. c4 Be6 23. c5 bxc5 24. Nc6+ Ka8 25. bxc5 Rxd1 26. Rxd1 Bxc5 27. Rb1 Bb6 28. a5 Bc8 29. Bxc8 Rxc8 30. axb6 cxb6 31. Nb4 Kb7 32. Kf1 Rc4 33. Ke2 b5 34. Nd3 Kb6 35. Kf3 g5 36. Ne5 Rc7 37. Ke4 a5 38. Kd5 a4 39. Rb2 a3 40. Ra2 Rc3 41. Kd4 b4 42. Nd3 Kb5 43. Ra1 Rc4+ 44. Kd5 Rc8 45. Ke5 Rd8 46. Nc1 Rd2 47. g3 Rxf2 48. gxf4 Rxf4 49. Nd3 Rf3 50. Kd4 Rxh3 51. Rb1 Rh4+ 52. Ke3 f5 53. Kd2 Rc4 54. Ne5 a2 55. Ra1 b3 56. Nxc4 Kxc4 57. Rc1+ Kd4 58. Rd1 Kc4 59. Rc1+ Kb4 0-1